000 00717nam a22002057a 4500
999 _c7757
_d7757
001 7757
003 BD-JhCC
005 20180213170612.0
008 180213s2000 adl|| |||| 00| 0 d
035 _a(BD-JhCC)7757
040 _aBD-JhCC
_dBD-JhCC
041 _aben
082 _a540
_bKUN 2000
100 _aকুণ্ডু, ডঃ কালিপদ
245 _aউচ্চ মাধ্যমিক রসায়ন দ্বিতীয় পত্র /
_cডঃ কালিপদ কুণ্ডু
260 _aঢাকা
_bমল্লিক ব্রাদার্স
_c২০০০
300 _a৪৫৫ পৃ. :
_bill.;
_c২৩.৫ সেমি.
650 _aChemistry
942 _2ddc
_cBK